Economics of planning : economic policy in transitional economies
Gardado en:
| Formato: | Revista |
|---|---|
| Idioma: | English |
| Publicado: |
Dordrecht :
Kluwer Academic Pub.,
1963-
|
| Các nhãn: |
Engadir etiqueta
Sen Etiquetas, Sexa o primeiro en etiquetar este rexistro!
|
| Thư viện lưu trữ: | Thư viện Trường Đại học Đà Lạt |
|---|
| LEADER | 00535nam a2200217 4500 | ||
|---|---|---|---|
| 001 | DLU040030552 | ||
| 022 | # | # | |a 0013-0451 |
| 040 | # | # | |a DLU |b vie |
| 041 | # | # | |a eng |
| 245 | # | # | |a Economics of planning : |b economic policy in transitional economies |
| 260 | # | # | |a Dordrecht : |b Kluwer Academic Pub., |c 1963- |
| 300 | # | # | |a v. : |b ill. ; |c 22-24 cm |
| 992 | # | # | |a 0 |
| 994 | # | # | |a DLU |
| 900 | # | # | |a True |
| 911 | # | # | |a Thái Thị Thanh Thủy |
| 925 | # | # | |a G |
| 926 | # | # | |a A |
| 927 | # | # | |a TT |
| 980 | # | # | |a Thư viện Trường Đại học Đà Lạt |